[Event "Stuttgart op"]
[Site "Ditzingen"]
[Date "2023.05.21"]
[Round "7"]
[White "Neyman, Igor"]
[Black "Oberhofer, Cedric"]
[Result "1-0"]
[WhiteElo "2337"]
[BlackElo "2282"]
[PlyCount "107"]
[EventDate "2023.05.18"]
[EventType "swiss"]
[EventRounds "7"]
[EventCountry "GER"]
[SourceTitle "CBM 214 Extra"]
[Source "ChessBase"]
[SourceDate "2023.07.31"]
[SourceVersion "1"]
[SourceVersionDate "2023.07.31"]
[SourceQuality "1"]

1. d4 Nf6 2. c4 g6 3. g3 c6 4. Bg2 d5 5. Qa4 Bg7 6. Nc3 0-0 7. Nf3 dxc4 8. Qxc4 Na6 9. 0-0 Qb6 10. e4 Be6 11. Qe2 Bg4 12. Be3 Qa5 13. h3 Bxf3 14. Bxf3 e5 15. dxe5 Qxe5 16. Bg2 Nc5 17. f4 Qe7 18. Bf2 Rfe8 19. Rfe1 Nfd7 20. Qc2 a5 21. Rad1 Rad8 22. Re2 Nf8 23. Rxd8 Qxd8 24. Nd5 cxd5 25. Bxc5 Qc7 26. Bxf8 Qxc2 27. Rxc2 Bd4+ 28. Kf1 Kxf8 29. exd5 Ke7 30. Ke2 Kd6+ 31. Kd3 Bg7 32. b3 Rd8 33. Bf3 Bf6 34. Be4 Ra8 35. Rc4 Bd8 36. g4 Bb6 37. Ke2 Bc5 38. a4 Re8 39. g5 Re7 40. Kf3 Rc7 41. h4 Bb6 42. h5 Rxc4 43. bxc4 Bd8 44. Kg4 Kc5 45. f5 gxh5+ 46. Kxh5 Kxc4 47. f6 b5 48. Bxh7 Kxd5 49. axb5 Bb6 50. Bb1 Kc5 51. Ba2 Kxb5 52. Bxf7 Bd4 53. Kg4 Kc5 54. Kf3 1-0

[Event "Stuttgart op"]
[Site "Ditzingen"]
[Date "2023.05.19"]
[Round "4"]
[White "Oberhofer, Cedric"]
[Black "Regez, Markus"]
[Result "1-0"]
[WhiteElo "2282"]
[BlackElo "2073"]
[PlyCount "67"]
[EventDate "2023.05.18"]
[EventType "swiss"]
[EventRounds "7"]
[EventCountry "GER"]
[SourceTitle "CBM 214 Extra"]
[Source "ChessBase"]
[SourceDate "2023.07.31"]
[SourceVersion "1"]
[SourceVersionDate "2023.07.31"]
[SourceQuality "1"]

1. c4 c5 2. g3 g6 3. Bg2 Bg7 4. Nc3 Nc6 5. a3 d6 6. Rb1 a5 7. e3 e5 8. Nge2 Nge7 9. d3 0-0 10. 0-0 Be6 11. Nd5 Rb8 12. Nec3 f5 13. Bd2 g5 14. f4 exf4 15. gxf4 g4 16. b4 axb4 17. axb4 Ng6 18. bxc5 dxc5 19. Na4 Qd6 20. Rb5 Nh4 21. Bh1 Na7 22. Rxc5 b5 23. cxb5 Nxb5 24. Rc6 Bxd5 25. Rxd6 Bxh1 26. Rb6 Bd5 27. Qb1 Na3 28. Qb4 Nc2 29. Qc5 Nf3+ 30. Rxf3 Bxf3 31. Qxc2 Rbc8 32. Qb3+ Kh8 33. Bc3 Bxc3 34. Nxc3 1-0

[Event "Stuttgart op"]
[Site "Ditzingen"]
[Date "2023.05.19"]
[Round "3"]
[White "Poysti, Nathanael Nicolai"]
[Black "Oberhofer, Cedric"]
[Result "0-1"]
[WhiteElo "2138"]
[BlackElo "2282"]
[PlyCount "74"]
[EventDate "2023.05.18"]
[EventType "swiss"]
[EventRounds "7"]
[EventCountry "GER"]
[SourceTitle "CBM 214 Extra"]
[Source "ChessBase"]
[SourceDate "2023.07.31"]
[SourceVersion "1"]
[SourceVersionDate "2023.07.31"]
[SourceQuality "1"]

1. c4 Nf6 2. Nc3 g6 3. g3 Bg7 4. Bg2 0-0 5. d4 c5 6. e3 d6 7. Nge2 Nc6 8. 0-0 Bd7 9. h3 a6 10. b3 Rb8 11. Bb2 b5 12. cxb5 axb5 13. dxc5 dxc5 14. a4 bxa4 15. Nxa4 Qc8 16. Nxc5 Bxh3 17. Qc2 Bxg2 18. Kxg2 Nb4 19. Qc4 Qc6+ 20. Kg1 Rfc8 21. Rfe1 Qf3 22. Bxf6 Bxf6 23. Nd4 Qh5 24. Ra4 Nd5 25. Qe2 Qxe2 26. Nxe2 Rb5 27. Rc4 Nb6 28. Rc2 Rd8 29. Nf4 e6 30. Nfd3 Nd5 31. Rc4 Be7 32. Kf1 Ra8 33. Ra4 Rc8 34. Rc4 Rcb8 35. Rb1 h5 36. Ke2 Ra8 37. Na4 Rxa4 0-1

[Event "Millennium Masters 2nd"]
[Site "Rosenheim"]
[Date "2023.04.06"]
[Round "4"]
[White "Oberhofer, Cedric"]
[Black "Lohvinov, Petro"]
[Result "1/2-1/2"]
[WhiteElo "2261"]
[BlackElo "2260"]
[PlyCount "98"]
[EventDate "2023.04.03"]
[EventType "tourn"]
[EventRounds "9"]
[EventCountry "GER"]
[EventCategory "4"]
[SourceTitle "CBM 213 Extra"]
[Source "ChessBase"]
[SourceDate "2023.05.31"]
[SourceVersion "1"]
[SourceVersionDate "2023.05.31"]
[SourceQuality "1"]

1. d4 Nf6 2. c4 e6 3. g3 d5 4. Nf3 dxc4 5. Bg2 Bb4+ 6. Bd2 a5 7. Qc2 Bxd2+ 8. Nbxd2 b5 9. b3 cxb3 10. Nxb3 Bb7 11. Nc5 Bd5 12. e4 Bc4 13. Rd1 Nfd7 14. Nd2 Nb6 15. Nxc4 bxc4 16. 0-0 0-0 17. e5 Ra7 18. Na4 Na6 19. Nxb6 cxb6 20. Qxc4 Nb4 21. a3 Rc7 22. Qb3 Nd5 23. Rc1 Rd7 24. Rc6 Ne7 25. Rxb6 Rxd4 26. Qb5 a4 27. Ra6 Qb8 28. Qc5 Qc8 29. Qxd4 Qxa6 30. Rc1 Nf5 31. Qd7 h5 32. Be4 g6 33. Bd3 Qa5 34. Bxf5 gxf5 35. Qd4 Rd8 36. Qf4 Qd2 37. Qxd2 Rxd2 38. Rc4 Rd5 39. f4 Ra5 40. Kf2 Kg7 41. Ke3 Kg6 42. h4 Rb5 43. Rxa4 Rb3+ 44. Kf2 Rb2+ 45. Kf3 Rb3+ 46. Kg2 Rb2+ 47. Kf3 Rb3+ 48. Kg2 Rb2+ 49. Kf3 Rb3+ 1/2-1/2

[Event "Millennium Masters 2nd"]
[Site "Rosenheim"]
[Date "2023.04.05"]
[Round "3"]
[White "Kolb, Tobias"]
[Black "Oberhofer, Cedric"]
[Result "1/2-1/2"]
[WhiteElo "2371"]
[BlackElo "2261"]
[PlyCount "48"]
[EventDate "2023.04.03"]
[EventType "tourn"]
[EventRounds "9"]
[EventCountry "GER"]
[EventCategory "4"]
[SourceTitle "CBM 213 Extra"]
[Source "ChessBase"]
[SourceDate "2023.05.31"]
[SourceVersion "1"]
[SourceVersionDate "2023.05.31"]
[SourceQuality "1"]

1. d4 Nf6 2. c4 g6 3. Nc3 d5 4. Bg5 Bg7 5. Bxf6 Bxf6 6. cxd5 c5 7. dxc5 Nd7 8. e3 Nxc5 9. Bb5+ Bd7 10. Bxd7+ Qxd7 11. Nge2 b5 12. b4 Na4 13. Nxa4 bxa4 14. Rc1 0-0 15. Rc5 Rfb8 16. a3 a5 17. Rxa5 Rxa5 18. bxa5 Rb5 19. e4 Qg4 20. 0-0 Qxe4 21. a6 Ra5 22. d6 exd6 23. Qxd6 Qxe2 24. Qxf6 Rxa6 1/2-1/2

[Event "AUT-chT2W 2223"]
[Site "Austria"]
[Date "2023.01.20"]
[Round "6.5"]
[White "Doric, Darko"]
[Black "Oberhofer, Cedric"]
[Result "1-0"]
[WhiteElo "2457"]
[BlackElo "2265"]
[PlyCount "91"]
[EventDate "2022.09.23"]
[EventType "team-tourn"]
[EventRounds "11"]
[EventCountry "AUT"]
[SourceTitle "CBM 213 Extra"]
[Source "ChessBase"]
[SourceDate "2023.05.31"]
[SourceVersion "1"]
[SourceVersionDate "2023.05.31"]
[SourceQuality "1"]
[WhiteTeam "Absam"]
[BlackTeam "Salzburg Royal"]
[WhiteTeamCountry "AUT"]
[BlackTeamCountry "AUT"]

1. d4 Nf6 2. c3 g6 3. Bg5 d5 4. Nd2 Bg7 5. e3 0-0 6. Ngf3 Nbd7 7. Be2 Re8 8. 0-0 e5 9. Bh4 e4 10. Ne1 Nf8 11. c4 c6 12. Nc2 Ne6 13. Rc1 Bf8 14. cxd5 cxd5 15. Bb5 g5 16. Bxe8 gxh4 17. Bb5 Ng5 18. f4 exf3 19. Nxf3 Nfe4 20. Nxg5 Qxg5 21. Qf3 Be6 22. Bd3 Bh6 23. Bxe4 dxe4 24. Qf6 Qh5 25. Qf2 Qg5 26. Qf4 Qh5 27. Qxe4 h3 28. Qf3 Qb5 29. Qg3+ Kh8 30. Qe5+ Qxe5 31. dxe5 Bxa2 32. gxh3 Bd5 33. Kf2 Be6 34. Nd4 Bxh3 35. Rg1 Re8 36. Rc7 Bc8 37. Rxf7 Rxe5 38. Rg3 Re8 39. Ke2 a6 40. Kd3 Rd8 41. h4 Bd7 42. Ke2 a5 43. b3 b5 44. Nf5 Bf8 45. Ne7 Bh6 46. Ng8 1-0

[Event "Prague op 21st"]
[Site "Prague"]
[Date "2023.01.10"]
[Round "6"]
[White "Oberhofer, Cedric"]
[Black "Ocelak, Jakub"]
[Result "1/2-1/2"]
[WhiteElo "2259"]
[BlackElo "2105"]
[PlyCount "48"]
[EventDate "2023.01.06"]
[EventType "swiss"]
[EventRounds "9"]
[EventCountry "CZE"]
[SourceTitle "CBM 212 Extra"]
[Source "ChessBase"]
[SourceDate "2023.03.31"]
[SourceVersion "1"]
[SourceVersionDate "2023.03.31"]
[SourceQuality "1"]

1. c4 e5 2. g3 c6 3. Nf3 e4 4. Nd4 d5 5. cxd5 Qxd5 6. Nc2 Nf6 7. Nc3 Qe5 8. Bg2 Na6 9. Rb1 Be7 10. b4 0-0 11. Bb2 Qe6 12. a3 c5 13. b5 Nc7 14. Ne3 Re8 15. 0-0 b6 16. f3 Bb7 17. Qc2 Bf8 18. a4 Rad8 19. Rbd1 Rd7 20. fxe4 Nxe4 21. Nf5 Nxc3 22. Qxc3 Nd5 23. Qc1 Ne7 24. Nxe7+ Rdxe7 1/2-1/2

[Event "Bayern-chI Bank Hofmann 25th"]
[Site "Tegernsee"]
[Date "2022.11.11"]
[Round "7"]
[White "Feuerstack, Aljoscha"]
[Black "Oberhofer, Cedric"]
[Result "1-0"]
[WhiteElo "2467"]
[BlackElo "2274"]
[PlyCount "115"]
[EventDate "2022.11.05"]
[EventType "swiss"]
[EventRounds "9"]
[EventCountry "GER"]
[SourceTitle "CBM 211 Extra"]
[Source "ChessBase"]
[SourceDate "2023.01.31"]
[SourceVersion "1"]
[SourceVersionDate "2023.01.31"]
[SourceQuality "1"]

1. d4 Nf6 2. c4 g6 3. g3 c5 4. dxc5 Na6 5. Nc3 Bg7 6. Bg2 Nxc5 7. Nf3 d6 8. Nd4 0-0 9. 0-0 a5 10. b3 Bd7 11. h3 Qc8 12. Kh2 Ne6 13. Be3 Nxd4 14. Bxd4 Bc6 15. e4 Qd8 16. Rc1 Nd7 17. Be3 Nc5 18. Qc2 Qb6 19. Rfe1 a4 20. Rb1 axb3 21. axb3 Qb4 22. Bd2 Qb6 23. b4 Na4 24. Nd5 Bxd5 25. exd5 Qxf2 26. Re3 Bh6 27. Rf1 Bxe3 28. Rxf2 Bxf2 29. Bh6 Bd4 30. Bxf8 Kxf8 31. h4 h5 32. Kh3 Be5 33. Bf3 Nc3 34. c5 dxc5 35. bxc5 Rc8 36. c6 bxc6 37. dxc6 e6 38. Qd3 Kg7 39. Qe3 Bf6 40. Qc5 Nd5 41. Bxd5 exd5 42. Qxd5 Bd8 43. Qd7 Rb8 44. Qd4+ Kg8 45. Qa7 Rb6 46. Qd7 Kg7 47. Qd4+ Kh7 48. Qd5 Kg7 49. Qd4+ Kh7 50. Qd5 Kg7 51. Kg2 Bc7 52. Qd4+ Kg8 53. Qd7 Rb2+ 54. Kh3 Bb8 55. Qd8+ Kh7 56. Qf6 Rb5 57. Qxf7+ Kh6 58. Qe8 1-0

[Event "Bayern-chI Bank Hofmann 25th"]
[Site "Tegernsee"]
[Date "2022.11.10"]
[Round "6"]
[White "Oberhofer, Cedric"]
[Black "Astner, Sebastian"]
[Result "1-0"]
[WhiteElo "2274"]
[BlackElo "1852"]
[PlyCount "43"]
[EventDate "2022.11.05"]
[EventType "swiss"]
[EventRounds "9"]
[EventCountry "GER"]
[SourceTitle "CBM 211 Extra"]
[Source "ChessBase"]
[SourceDate "2023.01.31"]
[SourceVersion "1"]
[SourceVersionDate "2023.01.31"]
[SourceQuality "1"]

1. c4 e5 2. g3 c6 3. Nf3 e4 4. Nd4 d5 5. cxd5 Qxd5 6. Nc2 f5 7. Nc3 Qe5 8. d3 exd3 9. Qxd3 Bc5 10. Bf4 Qe7 11. b4 Bb6 12. Bh3 Nf6 13. 0-0 Ne4 14. Bg2 Nxc3 15. Qxc3 0-0 16. Rad1 Qxe2 17. Rde1 Qh5 18. Re7 Qg6 19. Be5 Rf7 20. Bd5 cxd5 21. Qxc8+ Rf8 22. Qxb7 1-0

[Event "BL2-Ost 2223"]
[Site "Germany"]
[Date "2022.10.23"]
[Round "2.7"]
[White "Oberhofer, Cedric"]
[Black "Offinger, Robert"]
[Result "1-0"]
[WhiteElo "2274"]
[BlackElo "2189"]
[PlyCount "75"]
[EventDate "2022.10.22"]
[EventType "team-tourn"]
[EventRounds "10"]
[EventCountry "GER"]
[SourceTitle "EXT 2024"]
[Source "ChessBase"]
[SourceDate "2023.10.10"]
[SourceVersion "1"]
[SourceVersionDate "2023.10.10"]
[SourceQuality "1"]
[WhiteTeam "Regensburg Bavaria"]
[BlackTeam "Passau"]
[WhiteTeamCountry "GER"]
[BlackTeamCountry "GER"]

1. c4 c6 2. g3 d5 3. Nf3 Nf6 4. Bg2 Bg4 5. Ne5 Bh5 6. cxd5 cxd5 7. Nc3 e6 8. Qa4+ Nfd7 9. g4 Bg6 10. h4 f6 11. Nxg6 hxg6 12. h5 gxh5 13. Qc2 Ne5 14. d4 Nf7 15. Qg6 Nc6 16. gxh5 Qd7 17. e4 dxe4 18. Bxe4 Ne7 19. Qg2 Nd6 20. Bc2 0-0-0 21. Ba4 Nc6 22. Bf4 Nf5 23. d5 exd5 24. 0-0-0 d4 25. Kb1 Bd6 26. Bxd6 Nxd6 27. Ne2 Qf5+ 28. Ka1 Qe4 29. f3 Qe3 30. Bxc6 bxc6 31. Nxd4 c5 32. Rhe1 Qg5 33. Qc2 Rd7 34. Ne6 Qf5 35. Qa4 Qxf3 36. Nxc5 Rc7 37. Qa6+ Nb7 38. Qe6+ 1-0

[Event "Mittelfrank Regionalliga Nord-Ost 2223"]
[Site "Mittelfranken"]
[Date "2022.10.09"]
[Round "1.1"]
[White "Oberhofer, Cedric"]
[Black "Kraus, Sebastian"]
[Result "1-0"]
[WhiteElo "2295"]
[BlackElo "2031"]
[PlyCount "113"]
[EventDate "2022.10.09"]
[EventType "team-tourn"]
[EventRounds "9"]
[EventCountry "GER"]
[SourceTitle "EXT 2024"]
[Source "ChessBase"]
[SourceDate "2023.10.10"]
[SourceVersion "1"]
[SourceVersionDate "2023.10.10"]
[SourceQuality "1"]
[WhiteTeam "Regensburg Bavaria II"]
[BlackTeam "Nuernberg Jaeklechemie"]
[WhiteTeamCountry "GER"]
[BlackTeamCountry "GER"]

1. c4 e6 2. g3 d5 3. Bg2 Nf6 4. Nf3 dxc4 5. Qa4+ Bd7 6. Qxc4 c5 7. Ne5 Nc6 8. Nxc6 Bxc6 9. Bxc6+ bxc6 10. Nc3 Be7 11. b3 0-0 12. Ba3 Qa5 13. Na4 Rfd8 14. Rd1 Rd5 15. Qc3 Qc7 16. d3 Rad8 17. Rc1 e5 18. Bxc5 e4 19. Bxe7 Qxe7 20. 0-0 h5 21. Qxc6 h4 22. dxe4 R5d6 23. Qc3 Nxe4 24. Qe3 Re6 25. Nc5 Nxc5 26. Qxc5 Qxc5 27. Rxc5 Rxe2 28. Ra5 Rdd2 29. Rxa7 Rxa2 30. Rxa2 Rxa2 31. Rb1 Kf8 32. gxh4 Ke7 33. Kg2 Kd6 34. b4 Kc6 35. b5+ Kb6 36. Kg3 g6 37. h3 Rc2 38. Rd1 Rc5 39. Rb1 Re5 40. Rb2 Rf5 41. Kg4 Rc5 42. Rb4 Rh5 43. Rb3 Rh7 44. Re3 Kxb5 45. Re5+ Kc6 46. h5 Kd6 47. hxg6 fxg6 48. f4 Rh8 49. h4 Rh7 50. Re8 Rf7 51. Re4 Re7 52. Re5 Rf7 53. Kg5 Rf8 54. Ra5 Ke7 55. Ra7+ Ke6 56. Ra6+ Kd5 57. Rxg6 1-0

[Event "Bamberg op 4th"]
[Site "Bamberg"]
[Date "2022.07.28"]
[Round "2"]
[White "Oberhofer, Cedric"]
[Black "Waffenschmidt, Lars"]
[Result "1/2-1/2"]
[WhiteElo "2300"]
[BlackElo "2040"]
[PlyCount "86"]
[EventDate "2022.07.27"]
[EventType "swiss"]
[EventRounds "9"]
[EventCountry "GER"]
[SourceTitle "EXT 2023"]
[Source "ChessBase"]
[SourceDate "2022.10.05"]
[SourceVersion "1"]
[SourceVersionDate "2022.10.05"]
[SourceQuality "1"]

1. e4 e5 2. Nf3 Nc6 3. Bb5 a6 4. Ba4 Nf6 5. 0-0 Be7 6. Re1 b5 7. Bb3 d6 8. c3 0-0 9. h3 Nb8 10. d4 Nbd7 11. Nbd2 Bb7 12. Bc2 Re8 13. Nf1 Bf8 14. Ng3 g6 15. a4 Nb6 16. dxe5 dxe5 17. Qxd8 Raxd8 18. axb5 axb5 19. Ra7 Rb8 20. Nd2 Nfd7 21. Nb3 Nc4 22. Nf1 Nc5 23. Nfd2 Nxd2 24. Bxd2 Ra8 25. Rxa8 Rxa8 26. Nxc5 Bxc5 27. Bb3 Be7 28. f4 Rd8 29. Bc1 Bh4 30. Rf1 Bxe4 31. fxe5 Bd5 32. Bxd5 Rxd5 33. Bf4 Be7 34. Re1 g5 35. Bc1 b4 36. Kf2 bxc3 37. bxc3 Rd3 38. Bb2 Bc5+ 39. Ke2 Rg3 40. Kf1 Rd3 41. Re4 Rd2 42. Re2 Rd1+ 43. Re1 Rd2 1/2-1/2

[Event "Bamberg op 4th"]
[Site "Bamberg"]
[Date "2022.07.27"]
[Round "1"]
[White "Bunk, Wolfgang"]
[Black "Oberhofer, Cedric"]
[Result "0-1"]
[WhiteElo "2011"]
[BlackElo "2300"]
[PlyCount "68"]
[EventDate "2022.07.27"]
[EventType "swiss"]
[EventRounds "9"]
[EventCountry "GER"]
[SourceTitle "EXT 2023"]
[Source "ChessBase"]
[SourceDate "2022.10.05"]
[SourceVersion "1"]
[SourceVersionDate "2022.10.05"]
[SourceQuality "1"]

1. d4 Nf6 2. c4 c5 3. d5 b5 4. cxb5 a6 5. e3 e6 6. Nc3 exd5 7. Nxd5 Bb7 8. Nxf6+ Qxf6 9. Nf3 Be7 10. Be2 0-0 11. 0-0 Rd8 12. bxa6 Nxa6 13. Bd2 Nc7 14. Bc3 Qh6 15. Be5 Ne6 16. Bg3 d6 17. Qc2 g6 18. Rfd1 Qg7 19. Rd2 h5 20. h3 Bc6 21. a4 Nc7 22. Qd1 Qf6 23. Bh4 Qe6 24. Bxe7 Qxe7 25. b3 d5 26. Qc2 Bb7 27. Rc1 Ne6 28. Ne5 d4 29. exd4 Qg5 30. Bf3 Rxd4 31. Re2 Nf4 32. Bxb7 Nxe2+ 33. Qxe2 Qxc1+ 34. Kh2 Re8 0-1

[Event "AUT-chT2W 2122"]
[Site "Austria"]
[Date "2022.06.04"]
[Round "7.1"]
[White "Xiong, Ferdinand"]
[Black "Oberhofer, Cedric"]
[Result "0-1"]
[WhiteElo "2211"]
[BlackElo "2263"]
[PlyCount "106"]
[EventDate "2021.10.15"]
[EventType "team-tourn"]
[EventRounds "11"]
[EventCountry "AUT"]
[SourceTitle "EXT 2023"]
[Source "ChessBase"]
[SourceDate "2022.10.05"]
[SourceVersion "1"]
[SourceVersionDate "2022.10.05"]
[SourceQuality "1"]
[WhiteTeam "Wolfurt"]
[BlackTeam "Salzburg Royal"]
[WhiteTeamCountry "AUT"]
[BlackTeamCountry "AUT"]

1. Nf3 c5 2. e4 Nc6 3. d4 cxd4 4. Nxd4 Qb6 5. Nb5 Nf6 6. Be3 Qd8 7. f3 a6 8. N5c3 e6 9. Bc4 Be7 10. a4 0-0 11. g4 d5 12. exd5 exd5 13. Nxd5 Nxd5 14. Qxd5 Bh4+ 15. Ke2 Be6 16. Qe4 Bxc4+ 17. Qxc4 Re8 18. Ra3 Nd4+ 19. Kf1 Rc8 20. Qxd4 Qxd4 21. Bxd4 Re1+ 22. Kg2 Rxc2+ 23. Kh3 Rxh1 24. Kxh4 Rxb1 25. Re3 f6 26. Re8+ Kf7 27. Rb8 Rc7 28. Kg3 Re1 29. h4 Re8 30. Rxe8 Kxe8 31. a5 Rc4 32. Bc3 Kf7 33. h5 g6 34. hxg6+ hxg6 35. Kf2 Ke6 36. Ke3 f5 37. gxf5+ Kxf5 38. Kf2 Ke6 39. Kg3 Kd5 40. Bf6 Rc5 41. Bc3 Kc4 42. Kg4 Kd3 43. f4 Ke4 44. Be5 Rxe5 45. fxe5 Kxe5 46. Kg5 Kd4 47. Kxg6 Kc4 48. Kf5 Kb3 49. Ke5 Kxb2 50. Kd6 Kb3 51. Kc7 Ka4 52. Kb6 Kb4 53. Kxb7 Kxa5 0-1

[Event "BL2-Ost 2122"]
[Site "Germany"]
[Date "2022.05.01"]
[Round "4.7"]
[White "Oberhofer, Cedric"]
[Black "Schmid, Franz"]
[Result "1-0"]
[WhiteElo "2286"]
[BlackElo "2101"]
[PlyCount "165"]
[EventDate "2022.03.05"]
[EventType "team-tourn"]
[EventRounds "10"]
[EventCountry "GER"]
[SourceTitle "EXT 2023"]
[Source "ChessBase"]
[SourceDate "2022.10.05"]
[SourceVersion "1"]
[SourceVersionDate "2022.10.05"]
[SourceQuality "1"]
[WhiteTeam "Regensburg Bavaria"]
[BlackTeam "Passau"]
[WhiteTeamCountry "GER"]
[BlackTeamCountry "GER"]

1. d4 Nf6 2. c4 g6 3. Nf3 Bg7 4. g3 d5 5. cxd5 Nxd5 6. Bg2 Nb6 7. Nc3 Nc6 8. e3 0-0 9. 0-0 Re8 10. d5 Na5 11. Nd4 Bd7 12. e4 c6 13. Re1 cxd5 14. exd5 Nac4 15. b3 Nd6 16. Bb2 Rc8 17. Qd3 Rc5 18. Rac1 Nf5 19. Nde2 Bc8 20. Ba3 Rc7 21. Nb5 Rxc1 22. Rxc1 a6 23. Nbc3 Nd7 24. Ne4 Ne5 25. Qc2 Qa5 26. Qc5 b5 27. Nf4 Bh6 28. Rd1 Rd8 29. Bb4 Qxa2 30. Qc7 Rf8 31. Nc3 Qxb3 32. Rb1 Qc4 33. Qxe5 Bg7 34. Qe2 Qc7 35. d6 exd6 36. Ncd5 Qd8 37. Rc1 Re8 38. Ba5 Qd7 39. Nb6 Rxe2 40. Nxd7 Re8 41. Nb6 Be6 42. Nxe6 fxe6 43. Bb7 Ne7 44. Nc8 d5 45. Bxa6 Nxc8 46. Rxc8 Rxc8 47. Bxc8 Kf7 48. Bd7 e5 49. f3 Bf8 50. Bxb5 Ke6 51. Bd3 Be7 52. Bb6 Bd6 53. Kf2 Ke7 54. Ke3 Ke6 55. Ba6 Kd7 56. Bb7 Ke6 57. Kd3 Bb8 58. Bc5 Bc7 59. Bf2 Bb8 60. Kc3 Bd6 61. Kb3 Bc7 62. Kb4 Kd6 63. Kb5 Bb8 64. Bc5+ Ke6 65. Kb6 e4 66. fxe4 dxe4 67. Bxe4 Be5 68. Bf2 Bb2 69. Kc5 Ke5 70. Bc2 Ba1 71. Kc4 Bb2 72. Kd3 Kf5 73. Bd1 Ke5 74. Bf3 Ba1 75. Ke2 Bb2 76. Bb7 Ba1 77. Kf3 Bb2 78. Ba6 Bc3 79. Bc4 Bb2 80. h3 Bc3 81. Be3 Kf6 82. Bh6 g5 83. Bd3 1-0

[Event "GER-CupT 2122 prel6"]
[Site "Bensheim"]
[Date "2022.03.27"]
[Round "2.2"]
[White "Oberhofer, Cedric"]
[Black "Ronge, Tim Hendrick"]
[Result "1-0"]
[WhiteElo "2285"]
[BlackElo "2185"]
[PlyCount "39"]
[EventDate "2022.03.26"]
[EventType "team-k.o."]
[EventRounds "2"]
[EventCountry "GER"]
[SourceTitle "EXT 2023"]
[Source "ChessBase"]
[SourceDate "2022.10.05"]
[SourceVersion "1"]
[SourceVersionDate "2022.10.05"]
[SourceQuality "1"]
[WhiteTeam "Regensburg Bavaria"]
[BlackTeam "Heimbach Weis/Neuwied"]
[WhiteTeamCountry "GER"]
[BlackTeamCountry "GER"]

1. d4 d5 2. c4 e6 3. Nf3 a6 4. g3 dxc4 5. Bg2 Bd7 6. Ne5 Bc6 7. Nxc6 Nxc6 8. e3 Bb4+ 9. Bd2 Nge7 10. 0-0 Rb8 11. Qc1 Bxd2 12. Nxd2 Na5 13. Qc3 c6 14. b4 cxb3 15. axb3 b6 16. b4 Nb7 17. Bxc6+ Nxc6 18. Qxc6+ Kf8 19. Rxa6 Nd6 20. Rfa1 1-0

[Event "Bayern-chI Bank Hofmann 24th"]
[Site "Tegernsee"]
[Date "2021.11.07"]
[Round "9"]
[White "Oberhofer, Cedric"]
[Black "Zieger, Bernd"]
[Result "1-0"]
[WhiteElo "2263"]
[BlackElo "1927"]
[PlyCount "75"]
[EventDate "2021.10.30"]
[EventType "swiss"]
[EventRounds "9"]
[EventCountry "GER"]
[SourceTitle "CBM 205 Extra"]
[Source "ChessBase"]
[SourceDate "2022.01.31"]
[SourceVersion "1"]
[SourceVersionDate "2022.01.31"]
[SourceQuality "1"]

1. e4 e6 2. d4 d5 3. e5 c5 4. c3 Nc6 5. Nf3 Qb6 6. a3 c4 7. Nbd2 f6 8. Be2 Qc7 9. 0-0 fxe5 10. Nxe5 Nxe5 11. dxe5 Qxe5 12. Re1 Qc7 13. b3 cxb3 14. Qxb3 Bd6 15. c4 Ne7 16. cxd5 0-0 17. Bf3 Bxh2+ 18. Kh1 Nxd5 19. Bb2 Qf4 20. Nf1 Qg5 21. Nxh2 Bd7 22. Re5 Qg6 23. Bxd5 Rxf2 24. Be4 Qh6 25. Bd4 Qf4 26. Qe3 Qxe3 27. Bxe3 Re2 28. Bxb7 Rb8 29. Bf3 Reb2 30. Ng4 R8b3 31. Rd1 Rb1 32. Rxb1 Rxb1+ 33. Kh2 Rb3 34. Ra5 h5 35. Rxh5 Rxa3 36. Bd4 Ra4 37. Be5 Be8 38. Rg5 1-0

[Event "Bayern-chI Bank Hofmann 24th"]
[Site "Tegernsee"]
[Date "2021.11.01"]
[Round "3"]
[White "Oberhofer, Cedric"]
[Black "Esswein, Karlheinz"]
[Result "1/2-1/2"]
[WhiteElo "2263"]
[BlackElo "2067"]
[PlyCount "87"]
[EventDate "2021.10.30"]
[EventType "swiss"]
[EventRounds "9"]
[EventCountry "GER"]
[SourceTitle "CBM 205 Extra"]
[Source "ChessBase"]
[SourceDate "2022.01.31"]
[SourceVersion "1"]
[SourceVersionDate "2022.01.31"]
[SourceQuality "1"]

1. e4 c6 2. d4 d5 3. e5 Bf5 4. Nf3 e6 5. Be2 Nd7 6. 0-0 h6 7. Nbd2 Ne7 8. Nb3 Bh7 9. Bd2 Nf5 10. Rc1 Be7 11. g4 Nh4 12. Nxh4 Bxh4 13. f4 f5 14. c4 0-0 15. Rc3 fxg4 16. Bxg4 Bf5 17. cxd5 cxd5 18. Bxf5 Rxf5 19. Qg4 h5 20. Qe2 Rc8 21. Rxc8 Qxc8 22. Rc1 Qe8 23. Kh1 Nf8 24. Rc7 Qb8 25. Rc3 b6 26. Nc1 Qb7 27. Nd3 a5 28. Be3 Ng6 29. Qc2 Bd8 30. Rc8 Rf8 31. Ne1 Ne7 32. Rc3 Nf5 33. Bf2 h4 34. Qe2 Qd7 35. b3 Be7 36. Qc2 Bd8 37. Ng2 Qb5 38. Qd3 Qxd3 39. Rxd3 Kf7 40. Rc3 Ke8 41. Ne1 Kd7 42. Kg2 Be7 43. Nf3 Rh8 44. Kh3 1/2-1/2

[Event "GER-chT U20"]
[Site "Willingen"]
[Date "2021.06.26"]
[Round "6"]
[White "Oberhofer, Cedric"]
[Black "Graf, Lucas"]
[Result "1-0"]
[WhiteElo "2262"]
[BlackElo "1882"]
[PlyCount "79"]
[EventDate "2021.06.24"]
[EventType "team-swiss"]
[EventRounds "7"]
[EventCountry "GER"]
[SourceTitle "CBM 203 Extra"]
[Source "ChessBase"]
[SourceDate "2021.09.30"]
[SourceVersion "1"]
[SourceVersionDate "2021.09.30"]
[SourceQuality "1"]
[WhiteTeam "Regensburg Bavaria"]
[BlackTeam "Plauen Koenig"]
[WhiteTeamCountry "GER"]
[BlackTeamCountry "GER"]

1. d4 Nf6 2. c4 e6 3. g3 d5 4. Nf3 Be7 5. Bg2 0-0 6. 0-0 dxc4 7. Qc2 a6 8. a4 Bd7 9. Qxc4 Bc6 10. Bg5 Bd5 11. Qc1 Nc6 12. e3 Ne4 13. Bxe7 Qxe7 14. Nc3 Nxc3 15. Qxc3 a5 16. Rfc1 Rfc8 17. Nd2 Bxg2 18. Kxg2 Qf6 19. Nb3 Qf5 20. f3 h5 21. Nc5 Rab8 22. Qd3 Qg5 23. Qe4 h4 24. Rc3 hxg3 25. hxg3 Qd5 26. Qh4 f6 27. Nd3 Ne7 28. Nf4 Nf5 29. Qh5 Qd7 30. Rh1 b5 31. Qh7+ Kf8 32. g4 Ne7 33. Ng6+ Kf7 34. Nxe7 Qxe7 35. Qh5+ Kg8 36. axb5 c6 37. Rc5 e5 38. g5 fxg5 39. Rxe5 Qf6 40. Qh7+ 1-0

[Event "GER-chT U20"]
[Site "Willingen"]
[Date "2021.06.26"]
[Round "5"]
[White "Wu, Luka"]
[Black "Oberhofer, Cedric"]
[Result "0-1"]
[WhiteElo "2065"]
[BlackElo "2262"]
[PlyCount "66"]
[EventDate "2021.06.24"]
[EventType "team-swiss"]
[EventRounds "7"]
[EventCountry "GER"]
[SourceTitle "CBM 203 Extra"]
[Source "ChessBase"]
[SourceDate "2021.09.30"]
[SourceVersion "1"]
[SourceVersionDate "2021.09.30"]
[SourceQuality "1"]
[WhiteTeam "Baden-Baden"]
[BlackTeam "Regensburg Bavaria"]
[WhiteTeamCountry "GER"]
[BlackTeamCountry "GER"]

1. e4 c5 2. Nf3 d6 3. d4 cxd4 4. Nxd4 Nf6 5. Nc3 Nc6 6. Be2 e5 7. Nb3 Be7 8. 0-0 0-0 9. Be3 Be6 10. Qd2 a5 11. Rad1 a4 12. Nc1 Qa5 13. Bf3 Rfc8 14. N1e2 Nb8 15. Bg5 Nbd7 16. Ng3 a3 17. Bxf6 Nxf6 18. Nf5 Bxf5 19. exf5 Rc7 20. Nd5 Nxd5 21. Bxd5 Qxd2 22. Rxd2 Bg5 23. f4 Bxf4 24. Rxf4 exf4 25. b3 Kf8 26. Kf2 Re8 27. Kf3 Re1 28. b4 Rf1+ 29. Ke2 Rb1 30. Bb3 Re7+ 31. Kf2 Ree1 32. Rxd6 Rf1+ 33. Ke2 Rbe1+ 0-1